| 000 | 00000nam##2200000za#4500 |
| 001 | 9.690615 |
| 003 | CaOODSP |
| 005 | 20210624232415 |
| 007 | cr ||||||||||| |
| 008 | 150407|2008||||xxc|||||o f|0| 0 eng|d |
| 020 | |a978-0-662-47720-4 |
| 040 | |aCaOODSP|beng |
| 043 | |an-cn--- |
| 086 | 1 |aP103-4/2008E-PDF |
| 110 | 1 |aCanada. |bPublic Works and Government Services Canada. |
| 245 | 10|aDevelopment process of a security plan / |h[electronic resource]|c[by] Controlled Goods Directorate. |
| 260 | |aOttawa - Ontario : |bPublic Works and Government Services Canada |cc2008. |
| 300 | |a8p. |
| 500 | |a"The purpose of the Security Plan is to ensure that adequate security measures are implemented in the protection of controlled goods" - on cov. |
| 590 | |a12-24-Supp|b2012-05-30 |
| 690 | 07|aSecurity|2gcpds |
| 775 | 08|tLe processus d'élaboration d'un plan de sûreté / |w(CaOODSP)9.634962 |
| 856 | 40|ahttp://publications.gc.ca|qPDF|s539 KB|uhttps://publications.gc.ca/collections/collection_2012/tpsgc-pwgsc/P103-4-2008-eng.pdf |